अंक विद्या रहस्य / (Record no. 121561)
[ view plain ]
| 000 -LEADER | |
|---|---|
| fixed length control field | 01040nam a22002537a 4500 |
| 005 - DATE AND TIME OF LATEST TRANSACTION | |
| control field | 20170124103216.0 |
| 010 ## - LIBRARY OF CONGRESS CONTROL NUMBER | |
| LC control number | B-073763 |
| 020 ## - INTERNATIONAL STANDARD BOOK NUMBER | |
| Terms of availability | 100.00 |
| 035 ## - SYSTEM CONTROL NUMBER | |
| System control number | B-073763 |
| 037 ## - SOURCE OF ACQUISITION | |
| Source of stock number/acquisition | Cen Lib/Ret |
| 040 ## - CATALOGING SOURCE | |
| Original cataloging agency | DPL |
| Language of cataloging | HN |
| 082 ## - DEWEY DECIMAL CLASSIFICATION NUMBER | |
| Classification number | 133.335 |
| Item number | सेफेरि |
| 100 ## - MAIN ENTRY--PERSONAL NAME | |
| Personal name | सेफेरियल |
| 9 (RLIN) | 107517 |
| 245 ## - TITLE STATEMENT | |
| Title | अंक विद्या रहस्य / |
| Statement of responsibility, etc | सेफेरियल |
| 246 ## - VARYING FORM OF TITLE | |
| Title proper/short title | Ank vidya rahasya |
| Remainder of title | by Seferiyal |
| 260 ## - PUBLICATION, DISTRIBUTION, ETC. (IMPRINT) | |
| Place of publication, distribution, etc | नई दिल्ली |
| Name of publisher, distributor, etc | रंजन पब्लिकेशन |
| Date of publication, distribution, etc | 2001 |
| 270 ## - ADDRESS | |
| Address | 16, अंसारी रोड दरिया गंज |
| City | नई दिल्ली |
| Postal code | 110002 |
| 300 ## - PHYSICAL DESCRIPTION | |
| Extent | 143पृष्ठ |
| Dimensions | 21सेमी(सजिल्द) |
| 650 ## - SUBJECT ADDED ENTRY--TOPICAL TERM | |
| Topical term or geographic name as entry element | ज्योतिष शास्त्र |
| 9 (RLIN) | 107518 |
| 650 ## - SUBJECT ADDED ENTRY--TOPICAL TERM | |
| Topical term or geographic name as entry element | अंक तथा उनके चरित्र गुण |
| 9 (RLIN) | 99391 |
| 650 ## - SUBJECT ADDED ENTRY--TOPICAL TERM | |
| Topical term or geographic name as entry element | Astrology |
| 9 (RLIN) | 5898 |
| 650 ## - SUBJECT ADDED ENTRY--TOPICAL TERM | |
| Topical term or geographic name as entry element | Points and their character traits |
| 9 (RLIN) | 99392 |
| 942 ## - ADDED ENTRY ELEMENTS (KOHA) | |
| Source of classification or shelving scheme | Dewey Decimal Classification |
| Koha item type | Hindi Books |
| Classification part | 133.335 |
| Call number suffix | सेफेरि |
| Withdrawn status | Lost status | Damaged status | Not for loan | Home library | Current library | Date acquired | Source of acquisition | Cost, normal purchase price | Total Checkouts | Full call number | Barcode | Date last seen | Date checked out | Copy number | Cost, replacement price | Price effective from | Koha item type | Public note |
|---|---|---|---|---|---|---|---|---|---|---|---|---|---|---|---|---|---|---|
| Written off | Central Library | Central Library | 09/10/2015 | Cen Lib/Ret | 100.00 | 1 | 133.335 सेफेरि | B-073763 | 28/11/2017 | 13/11/2017 | 1 | 100.00 | 09/10/2015 | Hindi Books | Written off on approval by DLB (By Circulation); dtd 15-06-2023 |
